Supplex libellus pro immaculata B. Virginis Conceptione et pace christianorum principium ad sanctissimum dominum nostrum Alexandrum VII pontificem maximum. Collatus cum autographo supplicantis.

Detalles Bibliográficos
Formato: Libro
Lenguaje:Undetermined
Latin
Publicado: Matriti : typis Pauli de Val, 1655.
Materias:
Colección:Banco de datos
Acervo:Biblioteca Palafoxiana. Colección bibliográfica
Descripción Física:2 h. ; 4°
Tema general:Apologética
Notas:Número de localización: 9632-E, 32204-G
LEADER 00731nam a2200169Ia 4500
008 150723s9999 xx 000 0 und d
041 0 |a lat 
050 0 |a PAFX BT600 L4 
245 1 0 |a Supplex libellus pro immaculata B. Virginis Conceptione et pace christianorum principium ad sanctissimum dominum nostrum Alexandrum VII pontificem maximum. Collatus cum autographo supplicantis. 
260 |a Matriti : typis Pauli de Val, 1655. 
300 |a 2 h. ; 4° 
500 |a Número de localización: 9632-E, 32204-G 
501 |a Encuadernado con 31 obras (9632-E) Encuadernado con 17 obras y 2 manuscritos (32204-G) 
650 1 0 |a Apologética 
942 |c PALALIB 
943 |g Biblioteca Palafoxiana. Colección bibliográfica 
999 |c 1059929  |d 1059929